000 00984nam a22002177a 4500
999 _c11207
_d11207
003 AR-CdUCM
008 190403b ||||| |||| 00| 0 spa d
040 _aMUNICIPALIDAD PROVINCIAL DEL CUSCO
_cBIBLIOTECA MUNICIPAL DEL CUSCO
082 _a340 /
_bT22 /
100 _aTarde, G.
_928448
245 _aLas transformaciones del derecho /
260 _aMadrid :
_bLa España moderna.
300 _a321 paginas ;
_c22 cm.
500 _aDedicatoria
505 _aContenido : Lenta introducción del fermento evolucionista y antropológico en el estudio de derecho civil -- La evolución jurídica y la antropología jurídica -- Derecho criminal -- La idea espontanea del derecho, nacida de la simpatía, origen de la imitación -- Orden lógico e irrevertible en la sucesión de ciertas ordalías...
650 _aDerechos independientes
_928449
650 _aObligaciones convencionales
_928450
650 _aDerecho y sociología
_928451
942 _2ddc
_cLIBROS
945 _awnts